|
|
|
|
| LEADER |
00000nab a2200000 a 4500 |
| 001 |
vtls010739894 |
| 003 |
SK-MaSNL |
| 005 |
20260304185710.0 |
| 008 |
250709s2005 xo |||||||||||||||||slo| |
| 035 |
|
|
|a (urnnbn)urn:nbn:sk:snk:ar-a05s1t
|
| 035 |
|
|
|a (uuid)7cd63dfc-3588-4d7e-b5b1-2f356984162f
|
| 035 |
|
|
|a urn:nbn:sk:snk-ab40i5
|
| 040 |
|
|
|a SNKBUCL
|b slo
|c SNKBUCL
|e AACR2
|
| 041 |
0 |
|
|a cze
|
| 044 |
|
|
|a xo
|c SK
|
| 100 |
1 |
|
|a Pavelková, Romana
|4 aut
|9 1164332
|
| 245 |
1 |
0 |
|a SPOTŘEBA HYPOLIPIDEMIK V ČESKÉ REPUBLICE V LETECH 1989-2003
|c Romana Pavelková, Lucie Sobolová, Karel Urbánek
|
| 700 |
1 |
|
|a Sobolová, Lucia
|4 aut
|9 1520233
|
| 700 |
1 |
|
|a Urbánek, Karel
|4 aut
|9 267636
|
| 773 |
0 |
|
|t Klinická farmakologie a farmacie
|g Roč. 19, č. 3 (2005), s. 142-145
|
| 850 |
|
|
|a Slovenská národná knižnica
|
| 852 |
|
|
|a Slovenská národná knižnica
|
| 954 |
|
|
|a odborná, vedecká literatúra cudzojazyčná (svetová)
|2 lita
|
| 958 |
|
|
|a article1
|
| 958 |
|
|
|a OND
|
| 958 |
|
|
|a EUIPO
|
| 999 |
|
|
|c 3045476
|d 3047406
|